The microverse A grand tour of invisible world that is part of every human being, every atom, and every star. A dramatic collaboration between the world's leading scientists and science fiction authors

Đã lưu trong:
书目详细资料
格式: 图书
语言:Undetermined
出版: New York Bantam Books 1989
主题:
标签: 添加标签
没有标签, 成为第一个标记此记录!
Thư viện lưu trữ: Trung tâm Học liệu Trường Đại học Cần Thơ
LEADER 00608nam a2200169Ia 4500
001 CTU_22374
008 210402s9999 xx 000 0 und d
082 |a 502.82 
082 |b M626 
245 4 |a The microverse 
245 2 |b A grand tour of invisible world that is part of every human being, every atom, and every star. A dramatic collaboration between the world's leading scientists and science fiction authors 
260 |a New York 
260 |b Bantam Books 
260 |c 1989 
650 |a microscope and microscopy 
904 |i Minh, 980422 
980 |a Trung tâm Học liệu Trường Đại học Cần Thơ